000 00349nam a2200145Ia 4500
005 20251222154324.0
008 251222s9999||||xx |||||||||||||| ||spa||
020 _a9972717062
082 _a910/A47
100 _aAlva, Walter et al.
245 0 _aDesiertos Vivos:
250 _a1ra.ed.
264 _bColección APU de AFP Integra
942 _cLIB
999 _c33903
_d33903